000 00715nam a2200289Ia 4500
005 20260324145351.0
008 008 260324s9999 xx 000 0 eng d
020 _a9780203787366
037 _aEBOOK
040 _aCRL
040 _beng
040 _cCRL
041 _2eng
041 _aeng
084 _qCRL
100 _aJerome G. Rose
_91167251
245 0 _aLegal Foundations of Environmental Planning
245 0 _bTextbook-Casebook and Materials on Environmental Law
260 _bTaylor and Francis
260 _c1983
365 _a
365 _b275
856 _uhttp://www.taylorfrancis.com/books/9780203787366
942 _cEBOOK
999 _c1830522
_d1830522